Groups that work; (Record no. 5828)

MARC details
000 -LEADER
fixed length control field 01804nam a22001937a 4500
003 - CONTROL NUMBER IDENTIFIER
control field GBCCL
005 - DATE AND TIME OF LATEST TRANSACTION
control field 20241126110550.0
008 - FIXED-LENGTH DATA ELEMENTS--GENERAL INFORMATION
fixed length control field 180409b ||||| |||| 00| 0 eng d
040 ## - CATALOGING SOURCE
Transcribing agency GBC
082 ## - DEWEY DECIMAL CLASSIFICATION NUMBER
Classification number 262.26
Item number LAR
100 ## - MAIN ENTRY--PERSONAL NAME
Personal name Larson, Bruce
9 (RLIN) 5516
245 ## - TITLE STATEMENT
Title Groups that work;
Remainder of title the missing ingredient.
Statement of responsibility, etc. Bruce Larson [and others]
260 ## - PUBLICATION, DISTRIBUTION, ETC.
Place of publication, distribution, etc. Grand Rapids,
Name of publisher, distributor, etc. Zondervan Pub. House
Date of publication, distribution, etc. 1967
300 ## - PHYSICAL DESCRIPTION
Extent 142 pages
Dimensions 21 cm
500 ## - GENERAL NOTE
General note "The chapters ... originally appeared in Faith at work magazine or the Faith at work edition of Groups that work, c1964."
505 ## - FORMATTED CONTENTS NOTE
Formatted contents note Finding a handle / Irving Harris --<br/>Behind our masks / Keith Miller --<br/>Honesty is the only policy / Bruce Larson --<br/>A Christian program / Sam Shoemaker --<br/>Barriers of friendship / Walden Howard --<br/>Renewal through crisis / W. Randolph Thornton --<br/>Breaking the sound barrier / Rosalind Rinker --<br/>Letting god speak / Lionel A. Whiston --<br/>The church alive / Howard Keeley --<br/>Inward journey / N. Gordon Cosby --<br/>How the lead a group --<br/>New life-new mission / Robert A. Raines --<br/>Get changed; get together; get going! / Donald I. James --<br/>A ministry at the crossroads / Ralston C. Young --<br/>From gangs to groups / Bill Milliken --<br/>No place like home / Bill Lamb --<br/>First there were eight / John Dutton --<br/>No lonely pilgrimage / Howard B. Haines --<br/>Between meetings-the acid test / Bruce Larson --<br/>How to talk about your troubles / O. Hobart Mowrer --<br/>Brothers in dialogue-part I / Hugh Southworth --<br/>Brothers in dialogue-part II / Garth Stanton --<br/>How to begin again / Walden Howard --<br/>When teenagers changed a church / Harold R. Martin --<br/>God wants us together / Annette Sackrison --<br/>One church finds renewal / David C. Searfoss --<br/>The new evangelism / Roger Fredrikson.
650 ## - SUBJECT ADDED ENTRY--TOPICAL TERM
Topical term or geographic name entry element Church group work.
9 (RLIN) 940
942 ## - ADDED ENTRY ELEMENTS (KOHA)
Source of classification or shelving scheme Dewey Decimal Classification
Koha item type Books
Koha issues (borrowed), all copies 1
Holdings
Withdrawn status Lost status Source of classification or shelving scheme Damaged status Not for loan Home library Current Library Shelving location Date acquired Total checkouts Full call number Barcode Date last seen Date last checked out Copy number Price effective from Koha item type
    Dewey Decimal Classification     GRACE BIBLE COLLEGE GRACE BIBLE COLLEGE Ministry & Mission 2018-04-09 1 262.26 LAR 002909 2025-05-01 2018-10-05 c.1 2018-04-09 Books
© Grace Bible College Library 2025